Diploma Petit orguener
Descripción Física:
1 diploma : il·lustracions ; 21 x 30 cm
Idioma:
Catalán
MARC
| LEADER | 00000nam a2200000 a 4500 | ||
|---|---|---|---|
| 001 | 26275 | ||
| 008 | 220718b spa||||| |||| 00| 0 cat d | ||
| 080 | |a NBM-14-58 | ||
| 245 | |a Diploma Petit orguener | ||
| 260 | |a Barcelona : |b Palau Güell, |c 2015 | ||
| 300 | |a 1 diploma : |b il·lustracions ; |c 21 x 30 cm | ||
| 500 | |a A la portada: En/na ha fet amb èxit la visita al Palau Güell i el taller d'orgue | ||
| 500 | |a A la portada: Signatura d'Antoni Gaudí | ||
| 500 | |a A la portada: Mancomunitat de Catalunya | ||
| 710 | 2 | |a Palau Güell (Barcelona) |9 17034 | |
| 710 | 2 | |9 53015 |a Catalunya. |b Mancomunitat | |
| 942 | |2 udc |c ARXIU |n 1 | ||
| 952 | |0 0 |1 0 |4 0 |6 NBM1458 |7 1 |9 62808 |a Arxiu |b Arxiu |d 2022-07-18 |l 0 |o NBM-14-58 |p 26275 |r 2022-07-18 00:00:00 |w 2022-07-18 |y ARXIU | ||
| 999 | |c 82296 |d 82296 | ||